000 00677nam a2200241Ia 4500
003 OSt
005 20220918194514.0
006 a|||||r|||| 00| 0
007 ta
008 220917b |||||||| |||| 00| 0 eng d
024 _a79,838
037 _cTextual
040 _aARTS
_cARTS
_beng
041 _2eng
_aeng
082 _aS:43, K8 (ESD)
100 _aShorey Kewal Krishan
_985325
245 0 _aShort term memory
260 _c1968
490 _aUniversity of Delhi, psychology (Dept of-), Master of arts, psychology dissertation, 1968
650 _aPSYCHOLOGY
942 _hS:43, K8 (ESD)
_cTEXL
_2CC
999 _c203564
_d203564